<?xml version="1.0" encoding="UTF-8"?><?xml-stylesheet type="text/xsl" href="static/style.xsl"?><OAI-PMH xmlns="http://www.openarchives.org/OAI/2.0/" xmlns:xsi="http://www.w3.org/2001/XMLSchema-instance" xsi:schemaLocation="http://www.openarchives.org/OAI/2.0/ http://www.openarchives.org/OAI/2.0/OAI-PMH.xsd"><responseDate>2026-04-17T05:53:43Z</responseDate><request verb="GetRecord" identifier="oai:www.recercat.cat:10230/49219" metadataPrefix="marc">https://recercat.cat/oai/request</request><GetRecord><record><header><identifier>oai:recercat.cat:10230/49219</identifier><datestamp>2025-12-22T20:20:33Z</datestamp><setSpec>com_2072_6</setSpec><setSpec>col_2072_452954</setSpec></header><metadata><record xmlns="http://www.loc.gov/MARC21/slim" xmlns:dcterms="http://purl.org/dc/terms/" xmlns:xsi="http://www.w3.org/2001/XMLSchema-instance" xmlns:doc="http://www.lyncode.com/xoai" xsi:schemaLocation="http://www.loc.gov/MARC21/slim http://www.loc.gov/standards/marcxml/schema/MARC21slim.xsd">
   <leader>00925njm 22002777a 4500</leader>
   <datafield ind2=" " ind1=" " tag="042">
      <subfield code="a">dc</subfield>
   </datafield>
   <datafield ind2=" " ind1=" " tag="720">
      <subfield code="a">Moreno Esteban, David</subfield>
      <subfield code="e">author</subfield>
   </datafield>
   <datafield ind2=" " ind1=" " tag="260">
      <subfield code="c">2021-12-15T12:01:47Z</subfield>
   </datafield>
   <datafield ind2=" " ind1=" " tag="260">
      <subfield code="c">2021-12-15T12:01:47Z</subfield>
   </datafield>
   <datafield ind2=" " ind1=" " tag="260">
      <subfield code="c">2021-07</subfield>
   </datafield>
   <datafield ind2=" " ind1=" " tag="520">
      <subfield code="a">Treball fi de màster de: Master in Intelligent Interactive Systems</subfield>
   </datafield>
   <datafield ind2=" " ind1=" " tag="520">
      <subfield code="a">Tutor: Vicenç Gómez</subfield>
   </datafield>
   <datafield ind2=" " ind1=" " tag="520">
      <subfield code="a">Designing and generating wiser policies for urban systems and infrastructures is a&#xd;
challenge of paramount importance. Today, the cities that present the most successful&#xd;
transport strategies are prioritising the movement of people, giving residents&#xd;
and visitors a wider variety of attractive transport options while creating effective&#xd;
ways to switch from private to public transport means. Understanding the use and&#xd;
the impact of public infrastructures that facilitate mobility is crucial.&#xd;
We consider a dataset of one year of activity in the form of car park occupancy in&#xd;
the province of Barcelona. The data comprises ten different parking facilities located&#xd;
close to train stations. We propose and analyze different and intuitive prediction&#xd;
models based on statistical and mathematical approximations.&#xd;
First, we analyze the occupancy recordings in different parking locations and show&#xd;
that the activity is strongly coupled with the circadian rhythm, following a 24-hours&#xd;
cyclic pattern. Second, we implement a predictive model to provide the occupancy of&#xd;
a particular parking for an entire future day. We show that for both, statistical and&#xd;
mathematical approximations it performs quite accurately. Third, we implement a&#xd;
predictive model to guess the occupancy of the remaining hours of the day given the&#xd;
occupancy of the previous hours. Finally, a qualitative and quantitative analysis of&#xd;
the parking occupancy during the Covid-19 pandemic has been performed in order&#xd;
to understand how the global situation has influenced the parking usage.&#xd;
Our results show that, despite the apparent complexity associated to public mobility&#xd;
and use of car parks, very simple models motivated in intuitive principles are sufficient&#xd;
to understand and predict this dynamics. Overall, our results can facilitate&#xd;
the design of public policies to facilitate the mobility within Barcelona and its surroundings,&#xd;
by providing a better understanding of how the citizens switch between&#xd;
private cars and public trains.</subfield>
   </datafield>
   <datafield tag="653" ind2=" " ind1=" ">
      <subfield code="a">Parking occupancy</subfield>
   </datafield>
   <datafield tag="653" ind2=" " ind1=" ">
      <subfield code="a">Prediction methods</subfield>
   </datafield>
   <datafield tag="653" ind2=" " ind1=" ">
      <subfield code="a">Temporal series</subfield>
   </datafield>
   <datafield tag="653" ind2=" " ind1=" ">
      <subfield code="a">Covid-19 influence</subfield>
   </datafield>
   <datafield ind2="0" ind1="0" tag="245">
      <subfield code="a">Predicting the use of car parks in the province of Barcelona</subfield>
   </datafield>
</record></metadata></record></GetRecord></OAI-PMH>